| 000 | 00660nam a2200157 a 4500 | ||
|---|---|---|---|
| 008 | 060821s2005 xx |||||||||||||| || u | ||
| 050 | _aTHESIS | ||
| 100 | _aPhiri, Wilfred | ||
| 245 | 1 | 4 |
_aThe potential of continuous cover forestry for pole production using eucalyptus species _cthesis supervised by P. Ngandwe |
| 246 | _aa case of Copperbelt | ||
| 260 |
_a _bCopperbelt University, School of Natural Resources _c2005 |
||
| 350 | _a0.00 | ||
| 650 | _aFORESTRY | ||
| 650 | _aEUCALYPTUS--ZAMBIA | ||
| 995 |
_D0.00 _FCBU-MAIN LIBRARY (Kitwe) _H1 _I0.00 _M1 _UAVAILABLE _WAug 21, 2006 _ZUniversity Collection |
||
| 999 |
_c54077 _d54077 |
||